000 00591nam a2200217 i 4500
001 bgj
100 1 _aGRIESBACH, Heinz.
245 1 0 _aDeutsch für Fortgeschrittene.
_cHeinz Griesbach.
_nSprachheft 1,
_pSprachübungen zur Grammatik /
250 _a4. Aufl.
260 _aMünchen :
_bMax Hueber Verlag,
_c1974.
300 _a203 s. ;
_c22 cm.
650 9 _aJęzyk niemiecki
_xgramatyka
020 _a3190011311
040 _cBPK
041 0 _ager
044 _aDEU
080 _a811.112.2'36
920 _a3-19-001131-1
942 _cKS
008 s gw f |000 0 ger
999 _c49480
_d49480